Ancient Pakistan

Detalles Bibliográficos
Autor Corporativo: University of Peshawar. Department of Archaeology
Formato: Electrónico Seriadas
Lenguaje:inglés
Publicado: Peshawar : Chairman, Dept. of Archaeology, University of Peshawar, 1964-
Materias:
Acceso en línea:Full text available from Research Library: 01/01/2008 to 01/31/2008

MARC

LEADER 00000nas a2200000 a 4500
001 ssj0000816052
003 WaSeSS
005 20200512172242.0
006 m d
007 cr n
008 750907c19649999pk ar s 0 0eng
010 |a sa 66001136  
016 7 |a 009831625  |2 Uk 
022 |l 0066-1600  |y 0066-1600 
025 |a PL480:P-E-E-113 
035 |a (WaSeSS)ssj0000816052 
040 |a MUL  |b eng  |c MUL  |d COO  |d IUL  |d OCL  |d OCLCQ  |d CGU  |d UBC  |d UKMGB  |d OCLCQ  |d OCLCF  |d OCLCO  |d CHVBK  |d LUN  |d AVA  |d OCLCO  |d DHA  |d DLC  |d OCLCA  |d OCLCQ  |d WaSeSS 
042 |a pcc 
043 |a a-pk--- 
050 0 0 |a DS378  |b .A7 
082 0 4 |a 913 
084 |a 059.13  |2 z 
222 0 |a Ancient Pakistan 
245 0 0 |a Ancient Pakistan  |h [electronic resource]. 
260 |a Peshawar :  |b Chairman, Dept. of Archaeology, University of Peshawar,  |c 1964- 
310 |a Annual 
362 0 |a Vol. 1 (1964)- 
506 |a License restrictions may limit access. 
515 |a Some annuals issued in pts. 
588 1 |a Vol. 27, issue no. 1 (2016). 
650 7 |a Antiquities.  |2 fast  |0 (OCoLC)fst00810745 
650 7 |a Archäologie  |2 gnd 
651 0 |a Pakistan  |x Antiquities  |v Periodicals. 
651 7 |a Pakistan.  |2 fast  |0 (OCoLC)fst01210275 
651 7 |a Pakistan  |2 gnd 
655 0 |a Electronic journals. 
710 2 |a University of Peshawar.  |b Department of Archaeology. 
850 |a DLC 
856 4 0 |z Full text available from Research Library: 01/01/2008 to 01/31/2008  |u https://search.proquest.com/publication/1616355